Masterpieces of Art Nouveau Stained Glass Design (Record no. 265)

MARC details
000 -CABECERA
campo de control de longitud fija 01093nam a2200241 a 4500
001 - NÚMERO DE CONTROL
campo de control BRCA_328
005 - FECHA Y HORA DE LA ÚLTIMA TRANSACCIÓN
campo de control 20190320202948.0
008 - DATOS DE LONGITUD FIJA--INFORMACIÓN GENERAL
campo de control de longitud fija 881019s1989 nyua---###---#000-0#eng-#
020 ## - NÚMERO INTERNACIONAL ESTÁNDAR DEL LIBRO
Número Internacional Estándar del Libro 0486259536
040 ## - FUENTE DE LA CATALOGACIÓN
Centro catalogador/agencia de origen DLC
Centro/agencia transcriptor DLC
Centro/agencia modificador DLC
050 #4 - SIGNATURA TOPOGRÁFICA DE LA BIBLIOTECA DEL CONGRESO
Número de clasificación NK5309.85.A7
Número de documento/Ítem .L96 1989
100 1# - ENTRADA PRINCIPAL--NOMBRE DE PERSONA
Nombre de persona Lyongrün, Arnold
9 (RLIN) 1092
245 10 - MENCIÓN DE TÍTULO
Título Masterpieces of Art Nouveau Stained Glass Design
Resto del título 91 Motifs in Full Color
Mención de responsabilidad, etc. by Arnold Lyongrün.
260 ## - PUBLICACIÓN, DISTRIBUCIÓN, ETC.
Lugar de publicación, distribución, etc. Nueva York
Nombre del editor, distribuidor, etc. Dover
Fecha de publicación, distribución, etc. 1989
300 ## - DESCRIPCIÓN FÍSICA
Extensión 30 p.
Otras características físicas il. a color
Dimensiones 31 cm.
440 #0 - MENCIÓN DE SERIE/PUNTO DE ACCESO ADICIONAL--TÍTULO
Título Dover pictorial archive series
9 (RLIN) 1093
500 ## - NOTA GENERAL
Nota general An unabridged republication of the plates that originally appeared in Vorbilder für Kunstverglasungen im Style der Neuzeit, first and second series (1900) ... The original text is here replaced by a new publishers note, and the plates appear in a different sequence, with plates from the two original portfolios intermingled--T.p. verso.
500 ## - NOTA GENERAL
Nota general Donación Consejo Británico
650 14 - PUNTO DE ACCESO ADICIONAL DE MATERIA--TÉRMINO DE MATERIA
Término de materia o nombre geográfico como elemento de entrada Vitrales
Subdivisión general Temas, motivos
9 (RLIN) 1094
650 14 - PUNTO DE ACCESO ADICIONAL DE MATERIA--TÉRMINO DE MATERIA
Término de materia o nombre geográfico como elemento de entrada Decoración y ornamentación
Subdivisión general Art Nouveau
9 (RLIN) 1095
902 ## - CATALOGADOR
Iniciales DCB
942 ## - ELEMENTOS DE PUNTO DE ACCESO ADICIONAL (KOHA)
Fuente del sistema de clasificación o colocación Library of Congress Classification
Tipo de ítem Koha Libros
Holdings
Estado de retiro Estado de pérdida Estado dañado No para préstamo Localización permanente Ubicación/localización actual Fecha de adquisición Total de préstamos Signatura topográfica completa Código de barras Fecha visto por última vez Precio válido a partir de Tipo de ítem Koha
El ejemplar forma parte de la colección y puede ser consultado según las políticas vigentes.       Biblioteca del Museo Franz Mayer (Rogerio Casas-Alatriste) Biblioteca del Museo Franz Mayer (Rogerio Casas-Alatriste) 25/06/2008   NK5309.85.A7 .L96 1989 DCB00014 22/03/2019 22/03/2019 Libros